• 首页
  • 本馆介绍
  • 公告通知
  • 最新文献
  • 馆藏检索
  • 电子资源
  • 读者导购
  • 参考咨询
  • 我的图书馆
  • 登录
  • 详细信息显示
  • 放入我的书架
  • 预约/预借图书
  • 作者相关作品
  • 分类相关作品
  • 丛书相关作品
  • 出版社相关作品

书目信息

  • 表格格式
  • 工作单格式
  • 卡片格式
题名:
三次方程解算表格(基数法)
    
 
作者: Б.M.许米耶格斯基 著 ;胡汝鼎 译注
分册:  
出版信息: 上海   科学技术出版社  1956.10
页数: 130页
开本: 20cm
丛书名:
单 册:
中图分类: O1-64
科图分类:
主题词: 数学
电子资源:
ISBN:
000 00670nam0 2200205 450
001 0634657578
005 20060721094400.40
010    @dCNY0.90
100    @a20060721d1956 km y0chiy0120 ea
101 0  @achi
102    @aCN@b310000
200 1  @a三次方程解算表格(基数法)@Asan ci fang cheng jie suan biao ge(ji shu fa)@f(苏)Б.M.许米耶格斯基著@F(su)Б.M.xu mi ye ge si ji zhu@g胡汝鼎译注@Ghu ru ding yi zhu
210    @a上海@c科学技术出版社@d1956.10
215    @a130页@d20cm
606 0  @a数学
690    @aO1-64@v3
701  0 @aБ.M.许米耶格斯基@AБ.M.xu mi ye ge si ji@4著
702  0 @a胡汝鼎@Ahu ru ding@4译注
801  0 @aCN@bPFT@c20060721
905    @a10447@dO1-64@e260
    
    三次方程解算表格(基数法)/(苏)Б.M.许米耶格斯基著/胡汝鼎译注.-上海:科学技术出版社,1956.10
    130页;20cm
    
    
    ISBN :CNY0.90
    
●
相关链接 在E读中查询图书 在五车中查询图书 在当当中查询图书 在豆瓣中查询图书


正题名:三次方程解算表格(基数法)     索取号:O1-64/260         预约/预借

序号 登录号 条形码 馆藏地/架位号 状态 备注
1 0430377   204303770   密集书库/ [索取号:O1-64/260] 在馆    
唐山师范学院图书馆 欢迎您!
大连网信软件有限公司© 版权所有